Регионална библиотека "Любен Каравелов" - Русе

Оптимистична теория за бай Ганьо (Запис номер 11039)

MARC детайли
000 -Лидер
Контролно поле с фиксирана дължина 01099nam a2200313 c 4500
003 - Код на организацията, давaща контролен номер
Контролно поле BLK
005 - Дата и час на последна редакция
Контролно поле 20230509164530.0
008 - Елементи от данни с фиксирана дължина
fixed length control field 180412b bul|||||r ||||||| ||bul||
010 ## - Наследен системен номер
LC control number KNG00012560000
020 ## - Международен стандартен номер на книга ISBN
Международен стандартен номер на книга ISBN 954-442-055-Х
-- издат.: Христо Г. Данов
040 ## - Източник на каталожния запис
Идентификатор на билиотеката - собственик на записа BLK
041 ## - Код за език
Код за езика на текст/звукозапис или на отделно заглавие Български
Код за езика КДБФ Български
080 ## - УДК
Текстов определител УДК Българска литература
УДК код - определител по УДК 821.163.2
УДК определител -32.09
УДК - код + определител 821.163.2-32.09
100 1# - Редна дума - Автор
Автор Котев, Любомир Стойне
Авторска отговорност първи автор
R(LIN) 252323
139 ## - Редно поле
Редна дума Котев, Любомир Стойне
Авторски знак Кот - К 87
245 10 - Сведения за заглавието
Заглавие Оптимистична теория за бай Ганьо
Редно поле (дума) Любомир Стойне Котев.
257 ## - Страна на издаване
Страна на създаване/издаване България
260 ## - Област на издателските данни
-- Пловдив
Име на издателя, разпространителя и проч. Христо Г. Данов
Година на издаване 1996
300 ## - Физическа характеристика
Страници 144 с.
Размери/Мащаб 20 см
380 ## - Жанр
Жанр Литературознание
500 ## - Общи забележки
Забележка 1 020 тир.
650 #4 - Допълнително описание по предмет – тема
Основно описание – тема или топоним Българска литература - критика
9 (RLIN) 241969
653 ## - Ключова дума – ненормативна
Ключова дума българска литература
852 ## - Местоположение
Форматна сигнатура Цб 189059
856 4# - Електронен адрес и достъп
Електронен формат pdf - файл
Път до файла /url/
856 4# - Електронен адрес и достъп
Електронен формат pdf - файл
Път до файла /url/
942 ## - АРТИКУЛИ
Вид на библиотечния материал Книги
Скрит в OPAC Не
Koha issues (borrowed), all copies 1
944 ## - СЪЗДАВАНЕ И РЕДАКЦИЯ на ЗАПИСА
Създаване/Редакция Създаване
Дата на регистрацията/редакция 15.01.2003
Служител, извършил регистрацията/редакцията AB_DOS
944 ## - СЪЗДАВАНЕ И РЕДАКЦИЯ на ЗАПИСА
Създаване/Редакция Редакция
Дата на регистрацията/редакция 15.01.2003
Служител, извършил регистрацията/редакцията
999 ## - СИСТЕМНИ КОНТРОЛНИ НОМЕРА
Koha biblionumber 11039
Koha biblioitemnumber 11039
Наличности
Код за отписване Код за изгубен артикул Източник на класификационната схема Код за повреда Коз за рестрикции Код за отдаване Артикулен № Име на библиотеката - собственик Име на библиотеката, в която се намира в момента Статус (Текущо местоположение) Дата на вписване в системата Местоположение - отдел Цена в лева Инвентарен номер Систематично азбучна сигнатура Баркод Номер на екземпляра Цена в евро Служебна бележка Служебен тип на артикула Бележка за публиката
  Не е изгубен Universal Decimal Classification Не е повреден без рестрикции ползва се в читалня 19160 Регионална библиотека "Любен Каравелов" Русе Регионална библиотека "Любен Каравелов" Русе Читалня 2001-01-01 Читалня 0.63 622682 Ч 821.163.2.09/К 87 120000622682 1 0.32 Дата инв: 27.03.2017 Бележки инв: Ч2017 Книги  
Изтеглен Не е изгубен Universal Decimal Classification Не е повреден без рестрикции заемане за дома 19161 Регионална библиотека "Любен Каравелов" Русе Регионална библиотека "Любен Каравелов" Русе Заемна - подръчен фонд 2001-01-01 Заемна - подръчен фонд 0.63 622683 821.163.2.09/К 87 Л 622683 2 0.32   Книги  
Изтеглен Не е изгубен   Не е повреден без рестрикции заемане за дома 19162 Регионална библиотека "Любен Каравелов" Русе Регионална библиотека "Любен Каравелов" Русе   2001-01-01 Заемна - подръчен фонд 0.63 622684 П 886.7/К 87 622684 3 0.32   Книги Отч.N: 3 , Дата: 17.01.2018
  Не е изгубен Universal Decimal Classification Не е повреден без рестрикции ползва се в читалня 19163 Регионална библиотека "Любен Каравелов" Русе Регионална библиотека "Любен Каравелов" Русе Хранилище 2001-01-01 Хранилище 0.63 623027 Цб 189059 120000623027 4 0.32   Книги  
  Не е изгубен Universal Decimal Classification Не е повреден без рестрикции заемане за дома 19164 Регионална библиотека "Любен Каравелов" Русе Регионална библиотека "Любен Каравелов" Русе Заемна - подръчен фонд 2002-10-21 Заемна - подръчен фонд 1.05 120000673007 821.163.2.09/К 87 Л 120000673007 5 0.54 Дост: DA Вид: А N: 43 Дата: 21.10.2002 Дата инв: 07.02.2018 Бележки инв: П2018 Книги  
Vip Innovations Ltd, Rousse, Bulgaria 2025